Nuevo método para el tratamiento de los disminuidos físicos y mentales
Saved in:
| Hovedforfatter: | |
|---|---|
| Format: | Bog |
| Sprog: | spansk |
| Udgivet: |
Barcelona
Toray
1974
|
| Fag: | |
| Tags: |
Tilføj Tag
Ingen Tags, Vær først til at tagge denne postø!
|
MARC
| LEADER | 00000nam a2200000 a 4500 | ||
|---|---|---|---|
| 001 | UCZ6825 | ||
| 003 | CL-VaPUC | ||
| 008 | 951215e19740000SP |||||||||||||||||spa|d | ||
| 082 | 0 | 4 | |a 371.904 |b CUI |2 21 |
| 100 | 0 | |a Cuixart, P. Castells |e author |9 351368 | |
| 245 | 1 | 0 | |a Nuevo método para el tratamiento de los disminuidos físicos y mentales |
| 300 | |a 75 p | ||
| 942 | |c BK | ||
| 945 | |d 19951215 00:00:00 |a cmena | ||
| 260 | |a Barcelona |b Toray |c 1974 | ||
| 650 | 0 | |a Educación especial |9 307486 | |
| 650 | 7 | |a MINUSVALIDOS FISICOS |2 CL-VaPUC |9 334759 | |
| 650 | 0 | |a Minusválidos mentales |9 311830 | |
| 650 | 7 | |a CENTROS DE EDUCACION ESPECIAL |2 CL-VaPUC |9 340792 | |
| 650 | 0 | |a Psicoanálisis |9 265702 | |
| 650 | 0 | |a Atención médica |9 337119 | |
| 650 | 0 | |a Métodos de enseñanza |9 270413 | |
| 583 | |a last modification |c 19951215 00:00:00 |k Rodrigo Vera | ||
| 999 | |c 242985 |d 242983 | ||
| 952 | |0 0 |1 0 |4 0 |6 371_904000000000000_CUI_1974 |7 0 |8 X |9 256331 |a BIBEDU |b BIBEDU |d 2019-11-19 |i 1605895 |o 371.904 CUI 1974 |p 1605895 |r 2023-01-13 |w 2019-11-19 |y BK_X |k EDU | ||